000
00289nam a2200109Ia 4500
008
200302s9999 xx 000 0 und d
100
_a
Not Known
245
_a
Building Services Component Life Manual: Building Life plans
260
_b
Blackwell Publications
260
_c
2001
300
_a
147
999
_c
4597
_d
4597